000
00338 a2200169 4500
001
165336
020
_a
85-260-0958-3
040
_c
Magnum
100
_a
Queiros, Bartolomeu Campos
240
1
0
_a
Indez
_l
por
245
1
0
_a
Indez
300
_a
95
362
0
_a
2004
440
1
_a
Global
697
_a
LITERATURA JUVENIL
942
_c
BK
999
_c
165336
_d
165336